Riadenie rizík neživotného poistenia v súvislosti s projektom Európskej únie SOLVENCY II

Gespeichert in:
Bibliographische Detailangaben
1. Verfasser: Horáková, Galina
Format: Buchkapitel
Sprache:Slowakisch
Tags: Tag hinzufügen
Keine Tags, Fügen Sie das erste Tag hinzu!

MARC

LEADER 00000nla$a2200000$$$4500
001 0115677
005 20240502072304.8
041 0 |a slo 
044 |a SK 
245 1 0 |a Riadenie rizík neživotného poistenia v súvislosti s projektom Európskej únie SOLVENCY II  |c Galina Horáková 
100 1 |a Horáková, Galina